Az éneklő bányász békében fog élni
Elmentve itt :
| Szerző: | |
|---|---|
| Adatforrás: | Meister |
| Forrásdokumentuma: | Korunk. - 12 sz., 1990, 1549-1552 p. |
| Nyelv: | magyar |
| Kulcsszavak: | szociográfia politikatörténet magyarok (romániai) bányászsztrájk (1977) bányászjárás Zsilvölgye |
| LEADER | 00513nab a2200181 i 4500 | ||
|---|---|---|---|
| 001 | bibPRO00001808 | ||
| 008 | 060524s1990 xx hun | ||
| 040 | |a Sz1 | ||
| 041 | |a hun | ||
| 100 | 1 | |a SZÉKELY Árpád | |
| 245 | 1 | 3 | |a Az éneklő bányász békében fog élni |c SZÉKELY Árpád |
| 695 | |a szociográfia | ||
| 695 | |a politikatörténet | ||
| 695 | |a magyarok (romániai) | ||
| 695 | |a bányászsztrájk (1977) | ||
| 695 | |a bányászjárás | ||
| 695 | |a Zsilvölgye | ||
| 773 | 0 | |t Korunk. - |g 12 sz., 1990, 1549-1552 p. | |